Sustainable Development Commission (Record no. 119504)

MARC details
000 -LEADER
fixed length control field 00928cam a2200169 4500
001 - CONTROL NUMBER
control field WS106669
008 - FIXED-LENGTH DATA ELEMENTS--GENERAL INFORMATION
fixed length control field 000000n 000 0 eng u
035 ## - SYSTEM CONTROL NUMBER
System control number (Sirsi) u106669
110 ## - MAIN ENTRY--CORPORATE NAME
Corporate name or jurisdiction name as entry element Sustainable Development Commission
9 (RLIN) 4213
245 ## - TITLE STATEMENT
Title Sustainable Development Commission
520 ## - SUMMARY, ETC.
Summary, etc. Details the work of this panel which reported annually to the Prime Minister on topics of its own choosing concerning sustainable development issues. In May 1999 the Government announced that the Panel and the UK Round Table on Sustainable Development were to be subsumed into a new body, the Sustainable Development Commission. However this site remains active as an archive of their work.
650 ## - SUBJECT ADDED ENTRY--TOPICAL TERM
Topical term or geographic name entry element SUSTAINABLE DEVELOPMENT
650 ## - SUBJECT ADDED ENTRY--TOPICAL TERM
Topical term or geographic name entry element REGENERATION
690 ## - LOCAL SUBJECT ADDED ENTRY--TOPICAL TERM (OCLC, RLIN)
Topical term or geographic name as entry element ENVIRONMENTAL AND LAND CONSULTANCY
856 40 - ELECTRONIC LOCATION AND ACCESS
Uniform Resource Identifier <a href="https://www.sd-commission.gov.uk/">https://www.sd-commission.gov.uk/</a>
Public note View the website free of charge at www.sd-commission.gov.uk...
942 ## - ADDED ENTRY ELEMENTS (KOHA)
Suppress in OPAC 0
Holdings
Withdrawn status Lost status Source of classification or shelving scheme Damaged status Not for loan Home library Current library Shelving location Date acquired Total Checkouts Full call number Barcode Date last seen Copy number Price effective from Koha item type
    Dewey Decimal Classification     Virtual Virtual Online 22/06/2000   WEB SITE 106669-2001 06/08/2019 1 06/08/2019 Online material